000 01278cam a2200133 4500500
005 20260405085440.0
041 _afre
042 _adc
100 1 0 _aRamos, Elsa
_eauthor
245 0 0 _aL'entretien compréhensif en sociologie : Usages, pratiques, analyses
260 _bArmand Colin,
_c2015.
520 _aCe manuel a pour objectif de donner à voir les coulisses de l’enquête sociologique par entretiens compréhensifs. Il montre comment s’articulent les différentes opérations de la recherche : de la réalisation des entretiens à l’élaboration de la problématique en passant par l’analyse thématique, les outils d’explicitations, la rédaction…Il s’appuie sur des ouvrages méthodologiques et des enquêtes sociologiques et anthropologiques et également sur une expérience d’enseignement des méthodes qualitatives dispensée depuis une quinzaine d’années. Au-delà des outils concrets qu’apporte cet ouvrage, des réflexions et des questions sont régulièrement amenées sur l’enquête « en train de se faire » afin d’amener le lecteur à développer une réflexivité méthodologique personnelle.
856 4 1 _uhttps://shs.cairn.info/l-entretien-comprehensif-en-sociologie--9782200601157?lang=fr&redirect-ssocas=7080
999 _c2197655
_d2197655